000 01157cam a2200361 a 4500
001
003 DO-SdBNP
005 20250806124130.0
007
008 020930s2017 dr a 000 1 spa
010 _a
020 _a9789945492927
040 _aBPMSU
_cspa
_bBPMSU
082 4 _aRD862.44
_bC352c 2017
_222
100 1 _aCastillo, Efraim
_d1940 -
111 2 _n
_916
245 1 4 _aLos coberos del reino /
_c Efraim Castillo
_b
260 _aSanto Domingo :
_bMinisterio de Cultura ;
_bEditora Nacional
_c 2017
300 _a79 p. ;
_c22 cm.
_b
490 0 _aTeatro
500 _aIncluye datos biográficos del autor en la solapa de la cubierta
500 _aJurado :Marcos García Rodríguez, Franklin Domínguez y Radhamés Polanco
586 _aPremio Anual de Teatro Cristóbal de Llerena 2015
590 _6Inventariado, 2021/VM
650 4 _aCertámenes literarios
_zRepública Dominicana
650 4 _aTeatro dominicano
650 4 _aLiteratura dominicana
_v
650 4 _a
700 1 _a
711 2 _aPremio Anual de Teatro Cristóbal de Llerena
_d(2015:
_cSanto Domingo )
910 _aVMateo
942 _2ddc
_cBK
999 _c13494
_d13494